000 00237nmm a2200085Ia 4500
008 220120s9999||||xx |||||||||||||||||und||
100 _aPCQ-JAN-2009
_911092
245 0 _aHotest linux distro in toen, fedora 10, Net beans IDE
260 _c2009
999 _c139281
_d139281